[Event "Alpenpokal"]
[Site "masterchessopen.com Oberstdorf (Germany)"]
[Round "1"]
[White "Graf Joachim (GER)"]
[Black "Woeltge Carsten (GER)"]
[Result "1-0"]
[WhiteElo "2145"]
[BlackElo "1866"]

1.d4 Nf6 2.Nf3 g6 3.c4 Bg7 4.Nc3 d6 5.g3 O-O 6.Bg2 c6 7.O-O Nbd7 8.e4 e5 9.h3
Qb6 10.d5 cxd5 11.cxd5 Nc5 12.Qe2 Bd7 13.Be3 a5 14.Rab1 Rac8 15.Nd2 Qa6
16.Qxa6 Nxa6 17.Rfc1 b5 18.Bf1 Nc7 19.a4 Rb8 20.Nxb5 Bxb5 21.axb5 {#r} 1-0

[Event "Cup European Club (final)"]
[Site "masterchessopen.com Rethymnon (Greece)"]
[Round "4"]
[White "Rasmussen Karsten (DEN)"]
[Black "Jones Richard S (WLS)"]
[Result "1-0"]
[WhiteElo "2462"]
[BlackElo "2297"]

1.c4 Nf6 2.Nc3 g6 3.g3 Bg7 4.Bg2 O-O 5.Nf3 d6 6.O-O e5 7.d4 Nbd7 8.e4 c6 9.h3
Qb6 10.c5 dxc5 11.dxe5 Ne8 12.e6 fxe6 13.Ng5 e5 14.Qe2 Qb4 15.Bd2 Nb6 16.Rfd1
Nc7 17.Qe1 Qxb2 18.Bf1 c4 19.a4 Qb4 20.a5 Nb5 21.Nxb5 Qxb5 22.axb6 {#r} 1-0

[Event "It (open)"]
[Site "masterchessopen.com Saint-Quentin (France)"]
[Round "2"]
[White "Chainay Gerard (FRA)"]
[Black "Fayolle Guy (FRA)"]
[Result "0-1"]
[WhiteElo "1557"]
[BlackElo "1970"]

1.d4 Nf6 2.c4 g6 3.g3 Bg7 4.Bg2 O-O 5.Nf3 d6 6.Nc3 c6 7.h3 Nbd7 8.O-O e5 9.e4
a5 10.a4 Re8 11.Re1 Qb6 12.Rb1 exd4 13.Nxd4 Nxe4 14.Rxe4 Rxe4 15.Nxe4 Bxd4
16.Qf3 Ne5 17.Qf4 Nd3 18.Nf6+ Bxf6 19.Qxf6 Nxc1 20.Rxc1 Be6 21.c5 dxc5 22.Rd1
Qb3 23.Re1 Re8 24.f4 Qxg3 25.Re5 Qd3 26.f5 gxf5 27.Qg5+ Kf8 28.Qh6+ Ke7
29.Qxh7 Qd4+ {#R} 0-1

[Event "It"]
[Site "masterchessopen.com Sao Paulo (Brazil)"]
[Round "8"]
[White "Soppe Guillermo (ARG)"]
[Black "Chang Suzana (BRA)"]
[Result "1-0"]
[WhiteElo "2433"]
[BlackElo "2095"]

1.Nf3 Nf6 2.g3 d6 3.c4 e5 4.Nc3 g6 5.Bg2 Bg7 6.O-O O-O 7.d4 Nbd7 8.h3 c6 9.e4
Qb6 10.d5 cxd5 11.cxd5 Nc5 12.Re1 a5 13.Rb1 Qb4 14.Bd2 Bd7 15.Bf1 Qb6 16.Be3
Rfc8 17.Nd2 Qd8 18.a4 Ne8 19.Nc4 f5 20.exf5 Bxf5 21.Rc1 b6 22.Nb5 Bf8 23.f4
Bg7 24.fxe5 dxe5 25.d6 Rab8 26.Na7 {#r} 1-0

[Event "Ch Switzerland (seniors)"]
[Site "masterchessopen.com Silvaplana (Switzerland)"]
[Round "1"]
[White "Vucenovic Dragomir (SUI)"]
[Black "Baumann Kurt_ (SUI)"]
[Result "1-0"]
[WhiteElo "2302"]
[BlackElo "1992"]

1.d4 d6 2.g3 g6 3.Bg2 Bg7 4.Nf3 Nf6 5.O-O O-O 6.c4 Nbd7 7.Nc3 e5 8.h3 c6 9.e4
Qe7 10.Re1 Rd8 11.Be3 h6 12.Qd2 Kh7 13.Rad1 Ng8 14.Qc2 b6 15.b4 Bb7 16.d5 c5
17.b5 Rf8 18.a4 Rae8 19.Ra1 f5 20.exf5 gxf5 21.Nh4 e4 22.Nxf5 Qf6 23.Nxg7 Kxg7
24.Nxe4 Qg6 25.Qc3+ Kf7 26.Bf4 Ne5 27.Nxd6+ Qxd6 28.Bxe5 {#r} 1-0

[Event "Ch Ukraine"]
[Site "masterchessopen.com Simferopol (Ukraine)"]
[Round "3"]
[White "Varchenko Grigory (UKR)"]
[Black "Kilimnik Evgeny (UKR)"]
[Result "1-0"]
[WhiteElo "2238"]
[BlackElo "2306"]

1.d4 Nf6 2.c4 g6 3.Nc3 Bg7 4.e4 d6 5.g3 O-O 6.Bg2 Nbd7 7.Nf3 c6 8.O-O e5 9.h3
Re8 10.d5 c5 11.a3 a5 12.Rb1 Nb6 13.Nd2 a4 14.b4 axb3 15.Qxb3 Ra6 16.Nb5 Nh5
17.Kh2 f5 18.exf5 gxf5 19.Nf3 e4 20.Bg5 Bf6 21.Bxf6 Nxf6 22.Ng1 Qe7 23.Ne2 Na8
24.Nf4 Nd7 25.f3 Nf6 26.Rbe1 Qf7 27.fxe4 fxe4 28.Nh5 Qxh5 29.Rxf6 Qe5 30.Rxe4
Qxf6 31.Rxe8+ Kg7 {#r} 1-0

[Event "It (open) \"]
[Site "masterchessopen.com Tatranske Zruby (Slovakia)"]
[Round "9"]
[White "Vavrak Peter (SVK)"]
[Black "Holecko Rastislav (SVK)"]
[Result "1-0"]
[WhiteElo "2388"]
[BlackElo "2285"]

1.d4 Nf6 2.Nf3 g6 3.c4 Bg7 4.g3 O-O 5.Bg2 d6 6.O-O Nbd7 7.Nc3 c6 8.h3 e5 9.e4
Re8 10.Be3 h6 11.Qc2 Qc7 12.Rad1 exd4 13.Nxd4 Nc5 14.b3 Kh7 15.Rfe1 a6 16.g4
Rb8 17.Bf4 Bf8 18.Bg3 Nfd7 19.f4 Bg7 20.b4 Ne6 21.Nxe6 fxe6 22.Kh2 b6 23.e5 d5
24.Ne2 Qb7 25.Nd4 Nf8 26.f5 gxf5 27.gxf5 exf5 28.cxd5 cxd5 29.e6 Bxd4 30.Qxf5+
Kg8 31.Rxd4 {#r} 1-0

[Event "Oberliga East A 2002/03"]
[Site "masterchessopen.com Germany"]
[Date "2003.01.26"]
[Round "5"]
[White "Gempe Thomas (GER)"]
[Black "Stolz Mike (GER)"]
[Result "0-1"]
[WhiteElo "2240"]
[BlackElo "2412"]

1.d4 Nf6 2.c4 g6 3.Nf3 Bg7 4.g3 O-O 5.Bg2 d6 6.O-O Nbd7 7.Nc3 e5 8.e4 c6 9.h3
Re8 10.Be3 exd4 11.Nxd4 Nc5 12.Qc2 Qe7 13.Rfe1 Bd7 14.Nb3 Na6 15.Rad1 Be6
16.Qe2 Nd7 17.f4 Nb6 18.Nd2 f5 19.exf5 gxf5 20.Bf3 Bf7 21.Qf2 Qf6 22.g4 Nb4
23.g5 Qd8 24.Bxb6 Rxe1+ 25.Rxe1 axb6 26.Qe2 Nc2 27.Rc1 Nd4 28.Qd3 Qe7 29.Re1
{#R} 0-1

[Event "Regionalliga Southwest 2002/03"]
[Site "masterchessopen.com Germany"]
[Date "2003.02.09"]
[Round "6"]
[White "Teich Udo (GER)"]
[Black "Kraemer Stefan (GER)"]
[Result "0-1"]
[WhiteElo "2105"]
[BlackElo "2240"]

1.Nf3 Nf6 2.d4 g6 3.g3 Bg7 4.Bg2 O-O 5.O-O d6 6.c4 Nbd7 7.Nc3 e5 8.e4 c6 9.h3
Ne8 10.Be3 f5 11.Qd2 Qf6 12.exf5 gxf5 13.dxe5 dxe5 14.Bg5 Qf7 15.Qe2 e4 16.Nd2
Ne5 17.Nd1 Nd6 18.Rc1 Be6 19.b3 Rfe8 20.Rc2 Nd3 21.Nb1 Qg6 22.Qe3 Nf7 23.Bf4
Rad8 24.Nbc3 Bd4 25.Qd2 Nb4 26.Rc1 Be5 27.Qe3 Bxf4 28.gxf4 Rd3 29.Qc5 Kh8
30.Kh2 Rg8 31.Rg1 Rxh3+ {#R} 0-1

[Event "It (open) (seniors)"]
[Site "masterchessopen.com Bad Woerishofen (Germany)"]
[Round "1"]
[White "Vorderbruegge Franz-Josef (GER)"]
[Black "Bierwisch Bernhard (GER)"]
[Result "1-0"]
[WhiteElo "2015"]
[BlackElo "2201"]

1.d4 Nf6 2.c4 g6 3.Nf3 Bg7 4.Nc3 d6 5.g3 O-O 6.Bg2 Nbd7 7.O-O c6 8.h3 e5 9.e4
Qc7 10.Be3 Nb6 11.b3 Re8 12.Rc1 h6 13.Qd2 Kh7 14.Rfd1 Be6 15.d5 Bd7 16.dxc6
Bxc6 17.Qxd6 Qxd6 18.Rxd6 Nxe4 19.Nxe4 Bxe4 20.Ng5+ hxg5 21.Bxe4 Bf8 22.Rd3
Ba3 23.Rcd1 Re7 24.Bxg5 Rc7 25.Bf6 Bf8 26.Bd8 {#r} 1-0

[Event "Oberliga East (play-off)"]
[Site "masterchessopen.com Germany"]
[Date "2003.05.04"]
[Round "12"]
[White "Richter Gerhard (GER)"]
[Black "Kartmann Juergen (GER)"]
[Result "1-0"]
[WhiteElo "2044"]
[BlackElo "2092"]

1.Nf3 Nf6 2.g3 g6 3.Bg2 Bg7 4.d4 d6 5.O-O O-O 6.c4 Nbd7 7.Nc3 e5 8.e4 c6 9.h3
Qb6 10.c5 dxc5 11.dxe5 Ne8 12.e6 fxe6 13.Ng5 Ne5 14.f4 h6 15.fxe5 Rxf1+
16.Bxf1 hxg5 17.Qg4 Qd8 18.Bxg5 Qd4+ 19.Kg2 Qxe5 20.Rd1 Nf6 21.Rd8+ Kf7 22.Qh4
b5 23.Be2 b4 24.Bf4 g5 25.Bxg5 bxc3 26.Qh5+ {#r} 1-0

[Event "It (open)"]
[Site "masterchessopen.com Bad Harzburg (Germany)"]
[Round "5"]
[White "Berthold Andreas (GER)"]
[Black "Gladyszev Oleg (RUS)"]
[Result "0-1"]
[WhiteElo "2143"]
[BlackElo "2451"]

1.Nf3 Nf6 2.d4 g6 3.g3 Bg7 4.Bg2 O-O 5.O-O d6 6.c4 c6 7.Nc3 Nbd7 8.h3 e5 9.e4
Qb6 10.dxe5 dxe5 11.Qe2 Qb4 12.a3 Qe7 13.b4 Ne8 14.Be3 Nc7 15.Rfd1 Ne6 16.c5
f5 17.Qc4 f4 18.gxf4 exf4 19.Bd4 Bxd4 20.Rxd4 Rf7 21.Rd6 Ng5 22.Rad1 Nxf3+
23.Bxf3 Ne5 24.Rd8+ Kg7 25.Qd4 Kh6 26.Bg2 Bxh3 {#R} 0-1

[Event "Ch France (team) (2) 2003/04"]
[Site "masterchessopen.com France"]
[Date "2003.11.15"]
[Round "2"]
[White "Gaubil Olivier (FRA)"]
[Black "Acher Mathieu (FRA)"]
[Result "0-1"]
[WhiteElo "2105"]
[BlackElo "2352"]

1.Nf3 Nf6 2.d4 g6 3.c4 Bg7 4.Nc3 O-O 5.g3 d6 6.Bg2 Nbd7 7.O-O c6 8.h3 e5 9.e4
Qb6 10.c5 dxc5 11.dxe5 Ne8 12.e6 fxe6 13.Qe2 Nd6 14.Bg5 Nb5 15.Na4 Qa5 16.Qd1
Nd4 17.Nh2 b5 18.Nc3 b4 19.Na4 Ba6 20.Re1 Ne5 21.f4 Nd3 22.Re3 c4 23.e5 Bb5
24.Nc5 Nf5 25.Rxd3 Qb6 26.Kh1 Qxc5 27.Rf3 h6 28.Bf6 Rxf6 29.exf6 Bxf6 30.Qd7
Qd5 31.Ng4 Bg7 {#R} 0-1

[Event "It (open)"]
[Site "masterchessopen.com Belgrade (Yugoslavia)"]
[Date "2004.01.23"]
[Round "3"]
[White "Ivanovic Nikola (SRB)"]
[Black "Marinkov Svetislav (SRB)"]
[Result "1-0"]
[WhiteElo "2216"]
[BlackElo "2044"]

1.d4 Nf6 2.c4 g6 3.Nc3 Bg7 4.Nf3 d6 5.g3 O-O 6.Bg2 c6 7.O-O Nbd7 8.e4 e5 9.h3
exd4 10.Nxd4 Nb6 11.b3 a5 12.Be3 Re8 13.Qc2 Bd7 14.Rad1 Qc7 15.Rfe1 Rad8
16.Kh2 Bc8 17.Ndb5 cxb5 18.Nxb5 Qc6 19.e5 d5 20.exf6 Bxf6 21.Na7 Qe6 22.Bc5
{#r} 1-0

[Event "It (open) (c)"]
[Site "masterchessopen.com Aragon (Spain)"]
[Round "9"]
[White "Veras Sanz Marino (ESP)"]
[Black "Munoz Juan Carlos"]
[Result "0-1"]
[WhiteElo "2097"]
[BlackElo "2165"]

1.Nf3 g6 2.g3 Bg7 3.Bg2 d6 4.O-O Nf6 5.d4 O-O 6.c4 Nbd7 7.Nc3 e5 8.h3 c6 9.e4
exd4 10.Nxd4 Re8 11.Re1 Nc5 12.Rb1 a5 13.b3 Nfd7 14.Be3 Ne5 15.Qc2 Ne6 16.Nde2
Nc5 17.Red1 Qe7 18.f4 Ned7 19.Bf2 Nf6 20.Bxc5 dxc5 21.e5 Bf5 22.exf6 Qe3+
23.Kh2 Bxc2 24.fxg7 Bxb1 {#R} 0-1

[Event "Ch Russia (juniors) (under 14) (g)"]
[Site "masterchessopen.com Dagomys (Russia)"]
[Round "2"]
[White "Belova Alina (RUS)"]
[Black "Girya Olga (RUS)"]
[Result "0-1"]
[WhiteElo "1973"]
[BlackElo "2024"]

1.d4 Nf6 2.c4 g6 3.Nf3 Bg7 4.g3 O-O 5.Bg2 d6 6.Nc3 Nbd7 7.O-O e5 8.h3 c6 9.e4
Re8 10.Re1 Qc7 11.Be3 a6 12.Rc1 Qb8 13.d5 c5 14.a4 Nh5 15.Nh4 Nf8 16.Qc2 Bd7
17.Kh2 Qc8 18.g4 Nf4 19.Bxf4 exf4 20.b3 Qd8 21.Nf3 g5 22.Re2 Ng6 23.Rce1 Ne5
24.Nxe5 Bxe5 25.f3 Qf6 26.Nd1 b5 27.Nf2 Reb8 28.Nd3 Rb7 29.Nxe5 Qxe5 30.axb5
axb5 {#R} 0-1

[Event "Ch Russia (juniors) (under 18) (g)"]
[Site "masterchessopen.com Dagomys (Russia)"]
[Round "0"]
[White "Kursova Maria (RUS)"]
[Black "Kirillova Varvara (RUS)"]
[Result "1-0"]
[WhiteElo "2315"]
[BlackElo "2262"]

1.d4 Nf6 2.Nf3 g6 3.c4 Bg7 4.g3 O-O 5.Bg2 d6 6.O-O Nbd7 7.Nc3 e5 8.e4 c6 9.h3
exd4 10.Nxd4 Re8 11.Re1 Qb6 12.Re2 Qb4 13.Rc2 Nc5 14.a3 Qb6 15.Be3 a5 16.Nf3
Nfd7 17.Qxd6 Bxc3 18.bxc3 Qb3 19.Nd4 Qxc4 20.f3 Nb3 21.Raa2 a4 22.Qc7 Qd3
23.Qf4 Ne5 24.Kh2 Nc4 25.Bg1 Be6 26.Qh6 c5 27.Ne2 f6 28.Nf4 Qd7 29.Nxe6 Qxe6
30.Re2 Qd6 {#r} 1-0

[Event "Ch Russia (students)"]
[Site "masterchessopen.com Ufa (Russia)"]
[Date "2004.05.11"]
[Round "7"]
[White "Rukov Ivan (RUS)"]
[Black "Dyachkov Sergej (RUS)"]
[Result "1-0"]
[WhiteElo "2297"]
[BlackElo "2554"]

1.d4 Nf6 2.Nf3 g6 3.c4 Bg7 4.g3 O-O 5.Bg2 d6 6.O-O Nbd7 7.Nc3 e5 8.e4 c6 9.h3
Qb6 10.c5 dxc5 11.dxe5 Ne8 12.Qc2 Nc7 13.Na4 Qb5 14.Be3 Ne6 15.Rfd1 Re8 16.Bf1
Qa5 17.Nd2 Qd8 18.f4 Nxe5 19.fxe5 Bxe5 20.Nf3 Bxg3 21.Nxc5 Nf4 22.Bxf4 Bxf4
23.Qe2 Bf5 24.e5 f6 25.Qc4+ Kh8 26.Qxf4 {#r} 1-0

[Event "Ch World FIDE (KO-system) (blitz)"]
[Site "masterchessopen.com Tripoli (Libya)"]
[Date "2004.06.22"]
[Round "2"]
[White "Acs Peter (HUN)"]
[Black "Movsesian Sergei (SVK)"]
[Result "0-1"]
[WhiteElo "2521"]
[BlackElo "2629"]

{ } 1.d4 { 1 } 1...Nf6 2.c4 g6 3.Nc3 Bg7 4.g3 O-O 5.Bg2 d6 6.Nf3 Nbd7 7.O-O e5
8.h3 c6 9.e4 Qa5 10.Re1 exd4 11.Nxd4 Ne5 12.Bf1 Re8 13.Rb1 ( 13.Kh2 Qb6 14.Be3
c5 15.Ndb5 { } ) 13...Be6 { ? } ( 13...c5 14.Nb3 Qd8 15.Bf4 Qe7 16.Nd2 Be6
17.Rc1 a6 18.b3 Red8 19.Nf3 b5 20.Nd5 Bxd5 21.exd5 Nfd7 22.Nxe5 Nxe5 23.Kg2
Qb7 24.Bd2 b4 25.Rc2 Re8 26.Bc1 Nd7 27.Rce2 Nf6 28.Rxe8+ Rxe8 29.Rxe8+ Nxe8
30.Qe1 Qd7 31.Bd3 Bc3 32.Qe2 Ng7 33.Bg5 { ...1/2-1/2, Mojzis Jaroslav 2228 -
Shaked Tal 2500 , Schwarzach 1997 It (open) } ) ( 13...Qd8 14.Qe2 Ned7 { } )
14.b4 Qc7 ( 14...Qb6 15.Nxe6 Rxe6 16.Be3 Qc7 17.f4 Ned7 18.Bf2 Rae8 19.Bg2 Ng4
20.hxg4 Bxc3 21.Re3 Bg7 22.g5 f6 23.Rd3 fxg5 24.c5 gxf4 25.cxd6 Qd8 26.gxf4
Qf6 27.Bh3 Qxf4 28.Qb3 Qf7 29.Rf3 Nf6 30.Bxe6 Qxe6 31.Bh4 Qxb3 32.Rbxb3 Nd7
33.Be7 a6 34.Rf1 { ...1-0, Ruck Robert 2582 - Vakhidov Tahir 2506 , Yerevan
2001 Ch World (team) } ) 15.f4 Ned7 { ± } 16.f5 ( 16.Be3 Nb6 ( 16...Nf8
17.Nxe6 Nxe6 { } ) 17.c5 dxc5 18.bxc5 Nbd7 19.Nxe6 Rxe6 20.Bc4 Ree8 21.Qb3 Kh8
22.e5 Nh5 23.Qxb7 Bxe5 24.Qxc7 Bxc7 25.Rb7 Ba5 26.Bd4+ f6 27.Rxe8+ Rxe8
28.Rxd7 Re1+ 29.Kf2 Rc1 30.g4 Bxc3 31.gxh5 Bxd4+ 32.Rxd4 gxh5 33.Rd8+ Kg7
34.Rd7+ { 1-0, Dautov Rustem 2630 - Bosboom Manuel 2380 , Germany 1994
Bundesliga (2nd) West 1993/94 } ) 16...gxf5 17.exf5 Bxc4 18.Bxc4 { N } (
18.Rxe8+ Nxe8 19.Bxc4 d5 20.Bf4 Qb6 21.f6 Bxf6 22.Be3 dxc4 23.Nf5 ( 23.Qg4+
Ng7 24.Nf5 h5 25.Qxc4 Qc7 26.Nb5 Qb8 27.Nh6+ Kh7 28.Qe4+ Kh8 29.Nxf7+ Kg8
30.Nbd6 Ne5 31.Nh6+ Kh8 32.Rd1 Ne8 33.Nhf7+ Nxf7 34.Nxf7+ Kg7 35.Bh6+ Kg8
36.Qg6+ Bg7 37.Re1 Kf8 { ...1-0, Hansen Carsten 2301 - Mortensen Erling 2480 ,
Esbjerg 1988 It (cat.11) } ) 23...Qc7 24.Qg4+ Kh8 25.Ne4 Ne5 26.Qh5 Bg7
27.Nxg7 Nxg7 28.Qh6 f6 29.Qxf6 Nd7 30.Qg5 Qe5 31.Qxe5 Nxe5 32.Rf1 h5 33.Bd4
Nd3 34.Rf7 Rg8 35.Rxb7 Nc1 36.Kf2 Rf8+ 37.Ke3 Re8 { ...1-0, Wojtkiewicz
Aleksander 2560 - Soltis Andrew E 2425 , New York 1994 It (cat.8) } ) 18...d5
19.Rxe8+ Nxe8 20.Bf4 Qb6 { } 21.Be3 { N } ( 21.f6 Bxf6 22.Be3 dxc4 23.Nf5 Qc7
24.Qg4+ Kh8 25.Ne4 Ne5 26.Qh5 Bg7 27.Nxg7 Nxg7 28.Qh6 f6 29.Qxf6 Nd7 30.Qg5
Qe5 31.Qxe5 Nxe5 32.Rf1 h5 33.Bd4 Nd3 34.Rf7 Rg8 35.Rxb7 Nc1 36.Kf2 Rf8+
37.Ke3 Re8 38.Rxg7 { 1-0, Wojtkiewicz Aleksander 2560 - Soltis Andrew E 2425 ,
New York 1994 It (cat.8) } ) 21...dxc4 22.f6 Ndxf6 23.Nf5 Qd8 24.Qf3 { ?! } (
24.Bd4 { !? } 24...Nd5 25.Ne4 Nef6 26.Nxf6+ { } ) 24...Qd3 25.Rc1 a5 26.b5
cxb5 27.Kf2 { ?! } ( 27.Nxb5 { !? } 27...Ra6 28.Nxg7 Kxg7 29.Nd4 { } ) 27...b4
28.Nxg7 Kxg7 29.Qxb7 { ?! } ( 29.Ne2 { !? } 29...Qe4 30.Bd4 Qxf3+ 31.Kxf3 { }
) 29...Rd8 30.Rd1 Qc2+ 31.Ke1 Qxc3+ { } {#R} 0-1

[Event "Ch Paris (open)"]
[Site "masterchessopen.com Paris (France)"]
[Date "2004.07.06"]
[Round "4"]
[White "Templier Nicolas (FRA)"]
[Black "Golubev Mikhail (UKR)"]
[Result "0-1"]
[WhiteElo "2299"]
[BlackElo "2520"]

1.d4 Nf6 2.c4 g6 3.g3 Bg7 4.Bg2 O-O 5.Nf3 d6 6.O-O Nbd7 7.Nc3 e5 8.e4 c6 9.h3
Qa5 10.Re1 exd4 11.Nxd4 Ne5 12.Bf1 Re8 13.Rb1 Be6 14.Nxe6 Rxe6 15.b4 Qc7 16.f4
Ned7 17.Qd3 a6 18.Bg2 Rae8 19.Be3 Nh5 20.Bf2 Qd8 21.Rbd1 Qe7 22.e5 dxe5
23.Qxd7 Qxb4 24.Ne4 exf4 25.Rb1 Qxc4 26.Nd6 Rxe1+ 27.Bxe1 Qd4+ 28.Bf2 Qxf2+
29.Kxf2 Bd4+ 30.Kf3 Re3+ {#R} 0-1

[Event "It (cat.10)"]
[Site "masterchessopen.com Lippstadt (Germany)"]
[Date "2004.07.30"]
[Round "7"]
[White "Greenfeld Alon (ISR)"]
[Black "Koneru Humpy (IND)"]
[Result "1-0"]
[WhiteElo "2547"]
[BlackElo "2503"]

{ Greenfeld Alon (ISR) +4 =4 -1 Koneru Humpy (IND) +1 =1 -0 } 1.d4 Nf6 2.Nf3
g6 3.c4 Bg7 4.g3 O-O 5.Bg2 d6 6.O-O Nbd7 7.Nc3 e5 8.e4 c6 9.h3 Re8 10.Be3 exd4
11.Nxd4 Nc5 12.Qc2 a5 ( 12...Qe7 13.Rfe1 a5 14.Nb3 Nfd7 15.Rad1 Nxb3 16.axb3
Nc5 17.Re2 Be6 18.Bd4 Bxd4 19.Rxd4 Qc7 20.Na4 b5 21.Nxc5 dxc5 22.Rd1 a4
23.bxa4 Rxa4 24.cxb5 cxb5 25.Red2 Rb4 26.Qc3 Rb3 27.Qc1 c4 28.Rc2 b4 29.Qg5 c3
30.bxc3 Rxc3 31.Rcd2 Rc1 32.Kh2 { ...0-1, Fominyh Alexander 2559 - Koneru
Humpy 2498 , Chennai 1. 2.2004 It (open) } ) 13.Rad1 Qe7 14.Rfe1 Nfd7 { ?/= }
15.f4 ( 15.b3 Ne5 16.f4 Ned7 17.Bf2 Nf8 18.Rd2 Bd7 19.Red1 Rad8 20.a3 Bc8
21.b4 axb4 22.axb4 Nce6 23.Kh2 f5 24.Nxe6 Bxe6 25.c5 Qf7 26.Rc1 dxc5 27.Rxd8
Rxd8 28.bxc5 Bxc3 29.Qxc3 fxe4 { 1/2-1/2, Ruck Robert 2583 - Cao Sang 2531 ,
Balatonlelle 2002 Ch Hungary (semifinal) } ) 15...a4 16.b4 ( 16.Bf2 Ra6 17.Qd2
h6 18.Nf3 Qf8 19.Bd4 Rb6 20.Qf2 Bxd4 21.Rxd4 Nf6 22.Red1 Ra6 23.e5 dxe5
24.fxe5 Nh7 25.Rd6 Ne6 26.Ne4 Ra8 27.Qb6 Ra6 28.Qe3 Ra8 29.h4 Ng7 30.Qxh6 Nf5
31.Qxf8+ Kxf8 32.R6d3 Be6 33.g4 Nh6 34.Nd6 Bxg4 35.Nxe8 Kxe8 { ...1-0, Garbisu
de Goni Unai 2436 - Ubilava Elizbar 2545 , Mondariz 2002 Ch Spain (team) (1
Div) } ) 16...axb3 17.axb3 Nb6 { N } ( 17...Nf6 18.Bf2 Qc7 19.b4 Ne6 20.Nf3
Nh5 21.c5 dxc5 22.bxc5 Ra3 23.e5 Qa5 24.Ne4 Nhxf4 25.gxf4 Nxf4 26.Nf6+ Bxf6
27.exf6 Rxe1+ 28.Bxe1 Qc7 29.Bg3 g5 30.Nxg5 Nxh3+ 31.Nxh3 Rxg3 32.Qd2 Kh8
33.Qd8+ Qxd8 34.Rxd8+ Rg8 35.Ng5 Rxd8 36.Nxf7+ Kg8 37.Nxd8 { ...1-0, Lehocky
Viktor 2112 - Kolesar Milan 2215 , Hlohovec 1998 It (open) } ) ( 17...Na6 { !?
} 18.Qa2 Nf6 19.Qd2 Nxe4 { } ) 18.Bf2 Bd7 ( 18...Ra3 19.Nb1 Ra6 20.b4 Ne6
21.Nf5 gxf5 22.exf5 Qc7 23.fxe6 Rxe6 24.Be4 h6 { 1/2-1/2, Fraschini Mariano
2360 - Apicella Manuel 2555 , Zaragoza 1995 It (open) (a) } ) ( 18...Nbd7
19.b4 Na6 20.Qb3 h5 21.Nf3 Nc7 22.Rd2 Na6 23.Red1 d5 24.cxd5 Qxb4 25.Qxb4 Nxb4
26.dxc6 bxc6 27.e5 Nf8 28.Bc5 Nd5 29.Nxd5 cxd5 30.Bxf8 Bxf8 31.Ng5 Ra3 32.Bxd5
Rxg3+ 33.Kh2 Rxg5 34.fxg5 Rxe5 35.h4 Re3 36.Bg2 Bg4 37.Rd3 Re6 38.R1d2 {
...1/2-1/2, Vucic Mladen 2405 - Solomons Deon 2265 , New York 1994 It
"Marshall Summer" } ) ( 18...Qc7 19.Re2 Bd7 20.Red2 Rad8 21.Nde2 Be6 22.Nd4
Bd7 23.g4 Ne6 24.Nxe6 Bxe6 25.Bh4 f6 26.Bg3 f5 27.gxf5 gxf5 28.exf5 Bxf5
29.Qxf5 Bxc3 30.Rd3 Qg7 31.Bh4 Rd7 32.Rg3 { 1-0, Lingnau Carsten 2427 -
Ratkovitch Dimitri, Senden 2003 It (open) } ) 19.Nf3 { +0.64 CAP N } 19...Ra3
{ !? } ( 19...Nc8 { ?! } 20.Kh2 Qd8 21.Bxc5 dxc5 { } ) 20.e5 dxe5 { ? } (
20...Bf5 { ! } 21.Qc1 Rxb3 22.exd6 Qf8 { } ) 21.Nxe5 Bf5 22.Qc1 Nxb3 { ?? } (
{ ? } 22...Raa8 23.Nxg6 Qc7 24.Rxe8+ Rxe8 { } ) 23.Nxg6 Qxe1+ 24.Rxe1 Rxe1+
25.Qxe1 hxg6 26.Qe8+ Kh7 27.Qxf7 Ra1+ 28.Kh2 Rc1 29.Ne4 Nd7 30.Ng5+ Kh8 31.g4
{ } {#r} 1-0

[Event "Ch Europe (juniors) (under 18) (g)"]
[Site "masterchessopen.com Urgup (Turkey)"]
[Date "2004.08.04"]
[Round "6"]
[White "Pertlova Sona (CZE)"]
[Black "Ziogaite Jovita (LTU)"]
[Result "0-1"]
[WhiteElo "2053"]
[BlackElo "2049"]

1.c4 Nf6 2.g3 g6 3.Bg2 Bg7 4.Nf3 d6 5.Nc3 O-O 6.O-O Nbd7 7.d4 c6 8.e4 e5 9.h3
Re8 10.Be3 a5 11.Qc2 exd4 12.Bxd4 Nc5 13.Nd1 Qc7 14.b3 Bd7 15.Kh2 {#R} 0-1

[Event "Zt"]
[Site "masterchessopen.com San Jose (Costa Rica)"]
[Date "2004.09.05"]
[Round "1"]
[White "Hernandez Basante Francisco (CRC)"]
[Black "Castaneda Ada (ESA)"]
[Result "1-0"]
[WhiteElo "2283"]
[BlackElo "2006"]

1.d4 d6 2.c4 g6 3.Nc3 Bg7 4.g3 Nf6 5.Bg2 O-O 6.Nf3 Nbd7 7.O-O c6 8.e4 e5 9.h3
h6 10.Be3 Qe7 11.Qc2 Nh5 12.Rad1 f5 13.Nh4 Qf6 14.exf5 gxf5 15.dxe5 Nxe5
16.Qe2 Qf7 17.Rxd6 Nxc4 18.Rg6 Nxe3 19.Qxe3 Kh8 20.Rxh6+ Bxh6 21.Qxh6+ Kg8
22.Ng6 {#r} 1-0

[Event "It (open)"]
[Site "masterchessopen.com Calvia (Spain)"]
[Date "2004.11.06"]
[Round "6"]
[White "Barsov Alexei (UZB)"]
[Black "Diez Fraile Mariano (ESP)"]
[Result "1-0"]
[WhiteElo "2471"]
[BlackElo "2179"]

1.d4 Nf6 2.c4 d6 3.Nc3 g6 4.Nf3 Bg7 5.g3 O-O 6.Bg2 Nbd7 7.O-O e5 8.h3 c6 9.e4
Re8 10.Re1 exd4 11.Nxd4 a5 12.b3 Nc5 13.Bf4 a4 14.Rb1 axb3 15.axb3 Qb6 16.Bxd6
Ncxe4 17.Bxe4 Bxh3 18.Nc2 Ng4 19.c5 Qd8 20.Qf3 f5 21.Bd3 Qg5 22.Ne2 Rxe2
23.Bc4+ Kh8 24.Rxe2 Qh5 25.Rbe1 g5 26.Re7 {#r} 1-0

[Event "It (w)"]
[Site "masterchessopen.com Tbilisi (Georgia)"]
[Date "2004.12.05"]
[Round "3"]
[White "Nikoladze Sopio (GEO)"]
[Black "Lomineishvili Maia (GEO)"]
[Result "1-0"]
[WhiteElo "2242"]
[BlackElo "2429"]

1.Nf3 Nf6 2.d4 g6 3.g3 Bg7 4.Bg2 O-O 5.O-O d6 6.c4 Nbd7 7.Nc3 e5 8.h3 c6 9.e4
Qa5 10.Re1 exd4 11.Nxd4 Ne5 12.Bf1 Be6 13.Nxe6 fxe6 14.f4 Nf7 15.g4 d5 16.cxd5
cxd5 17.e5 Nd7 18.Bg2 Rae8 19.Bd2 Qd8 20.Kh1 g5 21.Nxd5 gxf4 22.Nxf4 Nfxe5
23.Qe2 Qh4 24.Rf1 Nc6 25.Nh5 Nd4 26.Qd3 Be5 27.Bf4 Bh8 28.Bd6 Rf2 29.Be4 Nf6
30.Bxh7+ {#r} 1-0

[Event "Cup World (team) for the Blind)"]
[Site "masterchessopen.com Italy"]
[Round "2"]
[White "Avram Sretko (SRB)"]
[Black "Mlacnik Franc (SLO)"]
[Result "1-0"]
[WhiteElo "2192"]
[BlackElo "2143"]

1.Nf3 d6 2.d4 Nf6 3.g3 g6 4.Bg2 Bg7 5.O-O O-O 6.c4 c6 7.Nc3 Nbd7 8.h3 e5 9.e4
Re8 10.Be3 Qe7 11.Qc2 Nf8 12.Rad1 Nh5 13.Rfe1 f5 14.exf5 gxf5 15.dxe5 dxe5
16.Qe2 Qf7 17.Ng5 Qg6 18.Bf3 Nf6 19.h4 f4 20.Bc1 h6 21.Nge4 fxg3 22.fxg3 Ng4
23.Rd6 Re6 24.h5 {#r} 1-0

[Event "Ch City"]
[Site "masterchessopen.com Kimry (Russia)"]
[Round "8"]
[White "Gorshkov Yuri (RUS)"]
[Black "Shpagin Vlas (RUS)"]
[Result "1-0"]
[WhiteElo "2399"]
[BlackElo "2144"]

1.d4 Nf6 2.c4 g6 3.Nc3 Bg7 4.Nf3 d6 5.g3 O-O 6.Bg2 Nbd7 7.O-O e5 8.e4 c6 9.h3
Qb6 10.d5 cxd5 11.cxd5 Nc5 12.Re1 Ne8 13.Rb1 a5 14.Be3 Bd7 15.Nd2 f5 16.Nb3 f4
17.gxf4 exf4 18.Bd4 Rd8 19.e5 Bxe5 20.Rxe5 {#r} 1-0

[Event "It (open)"]
[Site "masterchessopen.com Posadas (Argentina)"]
[Date "2005.02.04"]
[Round "1"]
[White "Ferrara Alexis (ARG)"]
[Black "Crotti Lucas (ARG)"]
[Result "0-1"]
[WhiteElo "2221"]
[BlackElo "1970"]

1.d4 Nf6 2.c4 g6 3.Nf3 Bg7 4.g3 O-O 5.Bg2 d6 6.O-O c6 7.Nc3 Nbd7 8.e4 e5 9.h3
Qa5 10.Be3 b5 11.dxe5 dxe5 12.cxb5 cxb5 13.Nxe5 Nxe5 14.Qe2 b4 {#R} 0-1